000 00531nam a22001817a 4500
003 UA-OsUOA
001 18513
007 ta
008 20040523b un ||||| |||| 00| 0 ukr d
100 _aБондарчук Я.
942 _cSA
040 _aUA-OsUOA
_cUA-OsUOA
_dUA-OsUOA
245 _aКнязь Костянтин Іванович Острозький (бл.1460-1533)
300 _aС.46-48
955 _a0
773 0 _w0
_tВолання з Волині
_dОстріг
_d2004
_g№2
650 7 _aВидатні діячі
_2UDC
999 _c304684
_d304684